| 000 | 003680000a22001570004500 | ||
|---|---|---|---|
| 020 | _a9958-30-1145-2 | ||
| 082 | 0 | 4 | _aB P191o |
| 110 | 1 | _aPanamericana | |
| 245 | 1 | 0 | _aLos colores / Panamericana |
| 260 | _aBogotá : Panamericana | ||
| 300 | _a[ 10 P. ] | ||
| 500 | _aTexto de pasta dura con solapas | ||
| 650 | 1 | 4 | _aLiteratura Infantil |
| 001 | 1226 | ||
| 942 | _cLGB | ||
| 999 |
_c48397 _d48397 |
||